| 000 | 00372nam a2200157Ia 4500 | ||
|---|---|---|---|
| 003 | IT-RoPAU | ||
| 008 | 120407s9999 xx 000 0 und d | ||
| 040 | _aIT-RoPAU | ||
| 040 | _cIT-RoPAU | ||
| 245 | _aLa Madre della Chiesa nell'impegno ecclesiale dell'Anno Santo | ||
| 245 | _cAA.VV. | ||
| 300 | _c cm | ||
| 490 | _v1 | ||
| 600 | _arivista La Madonna | ||
| 942 | _cBK | ||
| 999 |
_c13276 _d13276 |
||